00988nam a22002657a 450000500170000001000260001702000330004302000320007603500140010803500140012203700130013608200150014910000210016424500590018526000350024427000340027930000190031349000080033250000380034070000370037894200220041599900190043795201330045695201330058920230912125926.0 aENG-137940 ENG-137941 c680.00a9789355016591 Vol- 2 c865.00a9789355016584 Vol-1 aEN-121479 aEN-121472 bDBAD/PUB a0002First aJain, S.K956415 aConceptual Chemistry/bBy S.K Jain and Shailesh K Jain aNoidabS. Chand School Books  aD-92 Sector 2 bNoidae201301 avp.c23cm(pbk) v1,2 aAs Per New Sllaybus Of NCERT/CBSE aJain, Shailesh K eAuthor955747 2ddccENh540mJAI c197744d197744 00103140708NFICaCJbCJd2023-08-31eDBAD/PUBg865.00l0oJAI 540pEN-121472r2023-08-31 00:00:00t1v865.00w2023-08-31yEN 00103240708NFICaCJbCJd2023-08-31eDBAD/PUBg680.00l0oJAI 540pEN-121473r2023-08-31 00:00:00t1v865.00w2023-08-31yEN